| 000 | 00745nam a22002177a 4500 | ||
|---|---|---|---|
| 008 | 160520b xxu||||| |||| 00| 0 eng d | ||
| 020 | _a971-725-100-2 | ||
| 082 |
_22002 _aDFil 519.5 _bSt2 |
||
| 100 |
_98584 _aStolano, Marcial P. |
||
| 245 |
_aStatistics (with business emphasis)/ _cMarcial P. Estolano [and four others]. |
||
| 250 | _aFirst Edition. | ||
| 260 |
_aMakati City: _bGandwater Publications, _cc2003. |
||
| 300 |
_a224 pages: _billustrations; _c26 cm. |
||
| 500 | _aIncludes references and appendix. | ||
| 650 | 0 |
_98585 _aBusiness _xStatistics |
|
| 700 |
_98586 _aMonta, Florentina D. |
||
| 700 |
_98587 _aIgnacio, Teresita D. |
||
| 700 |
_98588 _aAngeles, Erlinda S. |
||
| 700 |
_98589 _aBeringuel, Julieta T. |
||
| 942 |
_2ddc _cDFIL |
||
| 999 |
_c2601 _d2601 |
||